000 00602nam a2200229Ia 4500
003 OSt
005 20220926035442.0
006 a|||||r|||| 00| 0
007 ta
008 220923b |||||||| |||| 00| 0 eng d
037 _cGeneral Book
040 _aRTL
_cRTL
_beng
041 _2eng
_aeng
082 _aX:82, J9
100 _aBellows Roger
_9342326
245 0 _aCreative leadership
260 _c1959
490 _aPrentice Hall Industrial Relation and Personnel Series
650 _aTop Management
942 _hX:82, J9
_cGB
_2CC
999 _c662258
_d662258